| 000 | 00625nab a2200193 4500 | ||
|---|---|---|---|
| 001 | 244442 | ||
| 003 | OSt | ||
| 005 | 20231219122517.0 | ||
| 007 | tu | ||
| 008 | 200917s2020||||||| | ||
| 040 |
_aDE-2950 _cDE-2950 |
||
| 245 | 0 | 0 |
_aZulieferer will weiter wachsen _bWirtschaft. 60 km von Tesla entfernt hat sich vor einem Jahr Batterie-Logistiker EV Cargo in Frankfurt angesiedelt. Seitdem hat sich viel getan/ _cThomas Gutke |
| 264 | _c2023 | ||
| 653 | _aFrankfurt (Oder) | ||
| 653 | _aWirtschaft | ||
| 653 | _aEV Cargo | ||
| 773 | 0 |
_g34. Jahrgang (2023) Nr. 285 vom 7.12.2023, S. 13, _tMärkische Oderzeitung |
|
| 942 |
_2z _cA |
||
| 999 |
_c372868 _d372868 |
||